| 000 | 00950nam a2200301I 4500 | ||
|---|---|---|---|
| 001 | 77287 | ||
| 003 | BD-RjUL | ||
| 005 | 20211209082944.0 | ||
| 008 | 200310s1965 enka 000 0 eng d | ||
| 035 | _aMITb10536583 | ||
| 035 | _a(OCoLC)08520044 | ||
| 035 | _a(BD-RjUL)77512 | ||
| 035 | _aGLIS00536583 | ||
| 040 |
_aMOD _cMOD _dRCD _dBD-RjUL _beng |
||
| 041 | _aeng | ||
| 049 | _aRCDA | ||
| 082 |
_223 _a821.7 _bSHC 1965 |
||
| 100 | 1 |
_aShelley, Percy Bysshe, _d1792-1822. _9240687 |
|
| 245 | 1 | 4 |
_aThe complete poetical works of Percy Bysshe Shelley / _cPercy Bysshe Shelley;edited by Thomas Hutchinson. |
| 260 |
_aLondon : _bOxford University Press, _c1965 |
||
| 300 |
_axxiii, 918 p. ; _c23 cm. |
||
| 600 |
_aShelley, Percy Bysshe, _d1792-1822 _9240691 |
||
| 650 |
_aEnglish poetry _9240689 |
||
| 700 | 1 |
_aHutchinson, Thomas. _9240692 |
|
| 942 |
_2ddc _cBK |
||
| 999 |
_c77287 _d77287 |
||